| 000 | 00701nam a22001697a 4500 | ||
|---|---|---|---|
| 008 | 160411b xxu||||| |||| 00| 0 eng d | ||
| 082 |
_22006 _aUT 0042 _bC28 |
||
| 100 |
_95167 _aCatalan , Joven Emmanuel C. |
||
| 245 |
_aThe relationship of clients and student nurses of UMDC in their management care at Paulino Hospital/ _cJoven Emmanuel C. Catalan, Jane Candece B. Pastor, Christine A. Dayanan and Ivy Claire P. Mosura. |
||
| 260 |
_aDigos City: _bUMDC _cOctober 2006. |
||
| 300 |
_a56 pages; _c29 cm. |
||
| 650 | 0 |
_95168 _aNursing _xUndergraduate thesis. |
|
| 700 |
_95169 _aPastor, Jane Candece B. |
||
| 700 |
_95170 _aDayanan, Christine A. |
||
| 700 |
_95171 _aMosura, Ivy Claire P. |
||
| 942 |
_2ddc _cUT |
||
| 999 |
_c1642 _d1642 |
||